| 000 | 01305nam a22003017a 4500 | ||
|---|---|---|---|
| 005 | 20240530110338.0 | ||
| 008 | 141022s2009 le gr 000 0 ara d | ||
| 017 | _a19033/2010 | ||
| 040 | _aEG-CaGPL | ||
| 082 |
_221 _a320.962\ _bق/ر ت |
||
| 100 | 0 | _aرابحة علام | |
| 245 | 1 |
_aتطور الاوضاع الديمقراطية فى مصر 2009 / _cاعداد : رابحة علام ، على حسن على ، مافى ماهر ؛ اشراف عمرو الشوبكى |
|
| 260 |
_aالقاهرة : _bالجمعية المصرية للنهوض بالمشاركة المجتمعية ، _c[ 2009 ] |
||
| 300 |
_a254 ص ؛ _c24 سم |
||
| 650 | 0 | 4 | _aالاحتجاجات |
| 650 | 0 | 4 | _aانتخابات الانديه |
| 650 | 0 | 4 |
_aالديمقراطية _zمصر |
| 651 | 0 | 4 |
_aمصر _xالاحوال السياسية |
| 651 | 0 | 4 |
_aمصر _xالمجتمع المدنى |
| 651 | 0 | 4 |
_aمصر _xالاحزاب السياسية |
| 651 | 0 | 4 |
_aمصر _xقوانين وتشريعات |
| 653 | _aالمشاركة المجتمعية | ||
| 700 | 0 |
_aعمرو الشوبكى _eمشرف |
|
| 700 | 0 |
_aعلى حسن على _eمعد |
|
| 700 | 0 |
_aمافى ماهر _eمعد |
|
| 942 |
_2ddc _cBK |
||
| 999 |
_c59822 _d59822 |
||